000
00298nam a22001337a 4500
008
170203b xxu||||| |||| 00| 0 eng d
020
_a
m0d1004945118
041
_a
eng
080
_a
61
100
_a
3
101
_a
SHM
245
_a
THE BRITISH NATIONAL HEALTH SERVICE
_c
GILL, D
942
_2
udc
_c
BK
999
_c
4543
_d
4543